Faculty of Law Library — Cairo University

Official Online Catalog

مدلول الحكم الجنائى : (Record no. 41696)

MARC details
000 -LEADER
fixed length control field 02470nam a22003017a 4500
003 - CONTROL NUMBER IDENTIFIER
control field EG-GICUC
005 - DATE AND TIME OF LATEST TRANSACTION
control field 20260121101156.0
008 - FIXED-LENGTH DATA ELEMENTS--GENERAL INFORMATION
fixed length control field 251107s1991 ua ||||fr|||| 00| 0 ara d
040 ## - CATALOGING SOURCE
Original cataloging agency EG-GICUC
Language of cataloging ara
Transcribing agency EG-GICUC
Modifying agency EG-GICUC
Description conventions rda
041 ## - LANGUAGE CODE
Language code of text/sound track or separate title ara
082 04 - DEWEY DECIMAL CLASSIFICATION NUMBER
Edition number 21
Classification number 343.382
Item number م ح . م
092 04 - LOCALLY ASSIGNED DEWEY CALL NUMBER (OCLC)
Edition number 21
099 ## - LOCAL FREE-TEXT CALL NUMBER (OCLC)
Classification number Law1 10 343.382 1991
100 0# - MAIN ENTRY--PERSONAL NAME
Personal name محمد عبدالمنعم سالم
Relator term مؤلف.
245 ## - TITLE STATEMENT
Title مدلول الحكم الجنائى :
Remainder of title من حيث الصحة والقوة /
Number of part/section of a work محمد عبدالمنعم سالم
264 ## - PRODUCTION, PUBLICATION, DISTRIBUTION, MANUFACTURE, AND COPYRIGHT NOTICE
Place of production, publication, distribution, manufacture الإسكندرية :
Name of producer, publisher, distributor, manufacturer منشأة المعارف ,
Date of production, publication, distribution, manufacture, or copyright notice 1991.
300 ## - PHYSICAL DESCRIPTION
Extent 165 صفحة;
Dimensions 24 سم
336 ## - CONTENT TYPE
Source rda content
Content type term text
337 ## - MEDIA TYPE
Source rda media
Media type term Computer
338 ## - CARRIER TYPE
Source rda carrier
Carrier type term Online Resource
505 ## - FORMATTED CONTENTS NOTE
Formatted contents note ه ما هية الحكم الجنائي وشروط صحته - شروط شكلية - شروط موضوعية<br/>ج ٢٠٠٠<br/>التسبيب - بيانات المنطوق.<br/>. البيانات التي يحتويها الحكم الجنائي وأثر أغفالها بيانات الديباجة - بيانات<br/>تميز الحكم الجنائي عن الفكر التي تلتبس به - الأمر الجنائي - أمر الأمر بأن لا وجه لاقامة الدعوى.<br/>الحمل<br/>مظاهر قوة الحكم الجنائي - النتيجة الحتمية لفرض حجية الجنائي على تميز الحكم الجنائي البات عن الحكم النهائي - صور الحكم الجنائي البات<br/>التكيف القانوني لقوة الحكم الجنائي البات - الآثار التي تترتب على وحدة ) بين الدعوتين الجنائية والمدنية.<br/>سلطة المحكمة الجنائية في الفصل في المسائل العارضة - المسائل التي توجب وقف الدعوى الجنائية والمسائل التي تجيز وقفها .<br/>المصلحة القانونية التي تحميها قوة الحكم الجنائي البات - فكرة العدالة وكفالة الحريات - فكرة الأمن القانوني<br/>التمييز بين قوة الأمر المقضي وحجية الأمر المقضي
546 ## - LANGUAGE NOTE
Language note النص باللغة العربية
650 1# - SUBJECT ADDED ENTRY--TOPICAL TERM
Topical term or geographic name entry element قانون جنائي
650 1# - SUBJECT ADDED ENTRY--TOPICAL TERM
Topical term or geographic name entry element أركان وشروط الأحكام الجنائية
856 40 - ELECTRONIC LOCATION AND ACCESS
Uniform Resource Identifier <a href="https://fll.law.cu.edu.eg/fulltext/bks/B10-05876.pdf">https://fll.law.cu.edu.eg/fulltext/bks/B10-05876.pdf</a>
905 ## - Cataloger and Reviser Names
Cataloger Name: Marwa
Revisor Name: Yara
942 ## - ADDED ENTRY ELEMENTS (KOHA)
Source of classification or shelving scheme Dewey Decimal Classification
Koha item type Books
Edition 21
Suppress in OPAC No
Holdings
Withdrawn status Lost status Source of classification or shelving scheme Damaged status Not for loan Collection Home library Current library Date acquired Total checkouts Full call number Barcode Date last seen Copy number Price effective from Koha item type
    Dewey Decimal Classification   Not for loan القانون الجنائي جــــامعة القــاهرة مكتبة كلية الحقوق - المبنى الرئيسي 07.11.2025   Law1 10 343.382 م ح . م 1991 1005876 C1 B10-05876 07.11.2025 1 07.11.2025 Books
    Dewey Decimal Classification     القانون الجنائي جــــامعة القــاهرة مكتبة كلية الحقوق - المبنى الرئيسي 07.11.2025   Law1 10 343.382 م ح . م 1991 1005878 C2 B10-05878 07.11.2025 2 07.11.2025 Books
    Dewey Decimal Classification     القانون الجنائي جــــامعة القــاهرة مكتبة كلية الحقوق - المبنى الرئيسي 07.11.2025   Law2 10 343.382 م ح . م 1991 1005879 C3 B10-05879 07.11.2025 3 07.11.2025 Books

© All rights reserved — Faculty of Law, Cairo University